000 00239nam a22000857a 4500
008 160713b xxu||||| |||| 00| 0 eng d
100 _92721
_a Gottschalk, E.T
245 _aIn Search of Coffee Mountains
260 _aN.Y
_b Thomas Nelson.Inc.
_c1977
999 _c2362
_d2362